| 000 | 00665nam a2200169 4500 | ||
|---|---|---|---|
| 001 | 127978 | ||
| 003 | ES-MaACL | ||
| 005 | 20251126063249.0 | ||
| 007 | t| | ||
| 008 | 070214s1920 sp r ||||1| spa d | ||
| 100 | 0 |
_aRivero y Miranda, Ramón del, _cConde de Limpias _997713 |
|
| 245 | 1 | 0 | _aMoción presentada al Ayuntamiento por el... Conde de Limpias, Alcalde Presidente, proponiendo... un presupuesto extraordinario para ejecutar un plan de obras y mejoras urgentes en la población... |
| 260 |
_aMadrid : _b[s. n.], _c1920 ( _fImp. Municipal) |
||
| 710 | 1 |
_aMadrid. _bAyuntamiento _9234069 |
|
| 852 |
_aES-MaACL _j1595-F-14 |
||
| 999 |
_c127978 _d127978 |
||